Building maintenance
Bewaard in:
| Hoofdauteur: | |
|---|---|
| Formaat: | Boek |
| Taal: | Engels |
| Gepubliceerd in: |
Sedyn Publishers
2006
|
| Tags: |
Voeg label toe
Geen labels, Wees de eerste die dit record labelt!
|
MARC
| LEADER | 00000nam a22000007a 4500 | ||
|---|---|---|---|
| 008 | 201214b ||||| |||| 00| 0 eng d | ||
| 020 | |a 978-2451-84-3 | ||
| 100 | |a IKPO, Johnson Ime | ||
| 245 | |a Building maintenance |c Ime Johnson Ikpo |g Xii, 129p.; ill. | ||
| 260 | |b Sedyn Publishers |c 2006 |h Ibadan |i 691913 |i 691914 |i 691915 |l TH3351 .Ik7 |m Building – Maintenance | ||
| 942 | |a lcc |c BK |e Kuteyi, M. A. |f 14/12/2020 | ||
| 952 | |0 0 |1 0 |2 lcc |4 0 |6 TH3351 I K7 |7 0 |9 438 |a HOL |b EDM |c QZ |d 2020-12-14 |l 0 |o TH3351 .Ik7 |p 2020-2167 |r 2020-12-14 00:00:00 |w 2020-12-14 |y BK | ||
| 952 | |0 0 |1 0 |2 lcc |4 0 |6 TH3351 I K7 |7 0 |9 439 |a HOL |b HOL |c QZ |d 2020-12-14 |l 0 |o TH3351 .Ik7 |p 2020-2168 |r 2020-12-14 00:00:00 |w 2020-12-14 |y BK | ||
| 952 | |0 0 |1 0 |2 lcc |4 0 |6 TH3351 I K7 |7 0 |9 440 |a HOL |b HOL |c QZ |d 2020-12-14 |l 0 |o TH3351 .Ik7 |p 2020-2169 |r 2020-12-14 00:00:00 |w 2020-12-14 |y BK | ||
| 999 | |c 221 |d 221 | ||